000 00713nam a2200277 a 4500
003 AR-BaBNM
005 20251128203351.0
008 082120s2002 ||||||||||||||000 | spa||
040 _cAR-BaBNM
100 1 _aFigueiredo, Fidelino de
245 0 0 _aHistoria literaria de Portugual
_bera clásica : 1502-1825. 2
250 _a1ª ed.
260 _aBuenos Aires
_bEspasa-Calpe
_c1945
300 _a226 p.
490 0 _aAustral
650 4 _aHISTORIA LITERARIA
650 4 _aLITERATURA PORTUGUESA
650 4 _aBIOGRAFIAS
650 4 _aRENACIMIENTO
650 4 _aCLASICISMO
653 _aBARROCO
655 _aLITERATURA
700 1 _aBlanco Suárez, P.
_etraductor
942 _cBK
998 _cMARTIN
999 _c3059
_d3059